00142 a2200073 4500001000400000100001500004245003100019260001800050688 aKing,H.W.P aTheory of lianear antennes abCambridgec